| 000 | 02095cam a2200457 a 4500 | ||
|---|---|---|---|
| 001 | 3430975 | ||
| 005 | 20260119153457.0 | ||
| 008 | 910124s1991 orua 001 0 eng | ||
| 010 | _a 91002106 | ||
| 020 |
_a0934035563 (v. 1) : _c$34.95 ($44.95 Can) |
||
| 020 |
_a0934035989 (v. 2) : _c$34.95 ($44.95 Can.) |
||
| 020 | _a9780934035569 | ||
| 020 | _a9780934035989 | ||
| 035 | _a3430975 | ||
| 035 | _a(DLC) 91002106 | ||
| 040 |
_aDLC _cDLC _dDLC |
||
| 050 | 0 | 0 |
_aT385 _b.S626 1991 |
| 082 | 0 | 0 |
_a620.0042 SMI'M _220 |
| 100 | 1 |
_aSmith, Joseph _q(Joseph J.) _9132819 |
|
| 110 |
_aRusty Gesner _9132820 |
||
| 245 | 1 | 0 |
_aMaximizing AutoCAD / _cJoseph Smith and Rusty Gesner ; with technical assistance from Patrick Haessly. |
| 260 |
_aGresham, Or. : _bNew Riders Pub., _cc1991. |
||
| 300 |
_a2 v. : _bill. ; _c24 cm. + _e2 computer disks (5 1/4 in.) |
||
| 336 |
_atext _btxt _2rdacontent |
||
| 337 |
_aunmediated _bn _2rdamedia |
||
| 338 |
_avolume _bnc _2rdacarrier |
||
| 500 | _aVol. 2 is rev. ed. of: Inside AutoLISP. 1st ed. 1989; v. 1 is rev. ed. of: Customizing AutoCAD. 1988, 1989. | ||
| 500 | _aSystem requirements for computer disk: PC; PC- or MS-DOS 3.0 or later; AutoCAD (Release 10 or 11); hard disk with at least 2Mb of free space; graphics display and a mouse or digitizer tablet, all configured for AutoCAD. | ||
| 500 | _aIncludes indexes. | ||
| 505 | 1 | _av. 1. Customizing AutoCAD with macros & menus -- v. 2. Inside AutoLISP. | |
| 630 | 0 | 0 |
_aAutoCAD. _96344 |
| 650 | 0 | _aAutoLISP (Computer program language) | |
| 700 | 1 | _aGesner, Rusty. | |
| 700 | 1 | _aHaessly, Patrick. | |
| 700 | 1 |
_aSmith, Joseph _q(Joseph J.). _tInside AutoLISP. _9132821 |
|
| 700 | 1 |
_aSmith, Joseph _q(Joseph J.). _tCustomizing AutoCAD. _9132822 |
|
| 906 |
_a7 _bcbc _corignew _d1 _eocip _f19 _gy-gencatlg |
||
| 942 |
_2ddc _cBK |
||
| 999 |
_c615857 _d615857 |
||